| 000 | 01132nas a2200337 4500 | ||
|---|---|---|---|
| 001 | BR2017000974 | ||
| 003 | BR-BrBNA | ||
| 005 | 20231205130905.0 | ||
| 007 | ta | ||
| 008 | 230509b bl.|||p| |||| 00| 00por d | ||
| 040 |
_aBR-BrBNA _bpor _cBiblioteca Nacional de Agricultura |
||
| 041 | _a(Pt) | ||
| 072 | _aF01; F04 | ||
| 100 | 1 | _aCalori, A.H. | |
| 100 | 1 | _aFactor, T.L. | |
| 100 | 1 | _aFeltran, J.C. | |
| 100 | 1 | _aWatanabe, E.Y. | |
| 100 | 1 | _aMoraes, C.C. de | |
| 100 | 1 | _aPurquerio, L.F.V. | |
| 245 | 1 | _aCondutividade elétrica da solução nutritiva e densidade de plantas na produção de batata-semente em aeroponia em condições tropicais de cultivo (inverno/primavera) | |
| 650 | _aBATATA | ||
| 650 | _aSEMENTE | ||
| 650 | _aPRODUÇÃO | ||
| 650 | _aCULTIVO HIDROPÔNICO | ||
| 650 | _aSOLUÇÃO NUTRITIVA | ||
| 650 | _aCONDUTIVIDADE ELÉTRICA | ||
| 773 | 0 |
_tBragantia (Brazil) _xISSN 1678-4499 _g(Jan-Mar 2017), v. 76(1) p. 23-32 _wBR2017000974 |
|
| 856 | 4 | 0 | _uhttp://www.scielo.br/pdf/brag/v76n1/pt_0006-8705-brag-1678-4499022.pdf |
| 909 |
_a202311 _bLúcia _c55 _dLúcia Elande |
||
| 942 |
_2AGRIS _n0 _cANA |
||
| 999 |
_c251872 _d251872 |
||